Contemporary business law / Henry R. Cheeseman. (Record no. 6938)
[ view plain ]
| 000 -LEADER | |
|---|---|
| fixed length control field | 00377nam a2200133 4500 |
| 020 ## - INTERNATIONAL STANDARD BOOK NUMBER | |
| ISBN | 0130851477 |
| 050 ## - CALL NUMBER | |
| Classification number | KF888 .C34 |
| 100 ## - AUTHOR | |
| Personal name | Cheeseman, Henry R. |
| 245 ## - TITLE | |
| Title | Contemporary business law / Henry R. Cheeseman. |
| 260 ## - PUBLICATION INFORMATION | |
| Place of publication | Upper Saddle River, NJ |
| Name of publisher | Prentice Hall, Inc. |
| Year of publication | 2000 |
| 300 ## - DESCRIPTION | |
| Number of Pages | various paging |
| 650 ## - SUBJECTS | |
| Topical Term | Commercial law--United States--Cases. |
| 942 ## - ADDED ENTRY ELEMENTS (KOHA) | |
| Koha item type | Books |
| Withdrawn status | Lost status | Home library | Current library | Shelving location | Date acquired | Full call number | Accession Number | Koha item type |
|---|---|---|---|---|---|---|---|---|
| Methodist University Library Main | Methodist University Library Main | General Stacks | 03/12/2019 | KF888 .C34 | 8251 | Books |